1531 1708 1142 1802 1359 1122 1410 1863 1721 1176 1052 1276 1153 1285 1491 1465 1791 1894 1039 1220 1962 1032 1965 1605 1283 1375 1149 1577 1479 1130 1072 1992 1768 1795 1581 1207 1357 1915 1135 1006 1300 1754 1033 1754 1191 1482 1480 1126 1359 1055 1937 1483 1502 1616 1918 1054 1005 1669 1138 1551 1307 1594 1507 1033 1642 1807 1351 1873 1687 1489 1112 1822 1352 1156 1913 1820 1741 1005 1133 1114 1128 1354 1209 1332 1717 1500 1365 1946 1811 1207 1809 1942 1441 1799 1987 1350 1834 1595 1932 BCNSPRNW ULIB Ver.6.0+V

เปลี่ยนเป็นภาษาไทย

Change to English
 แสดงรายละเอียดบรรณานุกรม
  กลับหน้าหลัก

Brief Record : Get Marc (ISO 2709) : E-mail record : QR code < ปิดหน้าต่าง
LEADER : 00000nam 2200000uu 4500
001    13399125103
003     ULIB
008    160624s2015||||th 000 0 eng d
020    9781451193916
060  4 WY 152 ^bH669m 2015
100 0  Hirst, Sandra p.^d1951-
245 00 Miller’s nursing for wellness in older adults / ^cSandra P. Hirst, Annette M. Lane, Carol A. Miller
246 0  Nursing for wellness in older adults
250    Canadian edition.
260    Philadelphia : ^bWolters Kluwer/Lippincott Williams & Wilkins Health, ^cc2015
300    xxvi, 620 p. : ^bill.
505 0  Part 1 Older adults and wellness -- Seeing Older Adults Through the Eyes of Wellness -- Addressing Diversity of Older Adults -- Applying a Nursing Model for Promoting Wellness in Older Adults -- Theoretical Perspectives on Aging Well -- Part 2 Nursing Considerations for Older Adults -- Gerontological Nursing and Health Promotion -- Health Care Settings for Older Adults -- Assessment of Health and Functioning -- Medications and Other Bioactive Substances -- Legal and Ethical Concerns -- Elder Abuse and Neglect -- Part 3 Promoting Wellness in Psychosocial Function -- Cognitive Function -- Psychosocial Function -- Psychosocial Assessment -- Impaired Cognitive Function: Delirium and Dementia -- Impaired Affective Function: Depression -- Part 4 Promoting Wellness in Physical Function ? Hearing -- Vision -- Digestion and Nutrition -- Urinary Function -- Cardiovascular Function -- Respiratory Function -- Mobility and Safety -- Integumentary Function -- Sleep and Rest -- Thermoregulation -- Sexual Function -- Part 5 Promoting Wellness in All Stages of Health and Illness -- Caring for Older Adults During Illness -- Caring for Older Adults Experiencing Pain -- Caring for Older Adults at the End of Life.
650  0 Older people ^xCare
650  0 Geriatric Nursing
700 0  Lane, Annette M., ^d1962-
700 0  Miller, Carol A.
945    ^p0^l0^i001344
999    ^aเกษร โพธิ์สุวรรณ
รายการนี้ยังไม่มีแท็ก
คุณยังไม่ได้ล็อกอิน คุณสามารถมีกิจกรรมร่วมกับเว็บไซต์ได้ แต่ต้องล็อกอินก่อน ::
  ล็อกอิน

รายการสื่อสารสนเทศ

ลำดับที่ ประเภท เลขเรียก/บาร์โค้ด สถานที่ สถานะ
1. วิทยาศาสตร์การแพทย์ และสุขภาพ
วิทยาศาสตร์การแพทย์ และสุขภาพ
WY 152 H669m 2015 ฉ.1 
  Barcode: 001344
ห้องสมุดวิทยาเขตสวรรค์ประชารักษ์
►หนังสือทั่วไป
บนชั้น

รายการใกล้เคียง
    หัวเรื่อง [Geriatric Nursing]

BibComment


ยังไม่เคยถูกคอมเมนท์

คอมเมนท์ทรัพยากรรายการนี้
  คอมเมนท์: Miller’s nursing ..


 Copyright 2026. Bcnsprnw @Library